Score 0/65 Timer 08:00
11 Plays Today
Decade Name % Correct
1910sAnn
93.3%
1920sAnn
93.3%
1930sAnn
93.3%
1940sAnn
93.3%
1950sAnn
93.3%
1960sAnn
93.3%
1880sAnna
85.9%
1890sAnna
85.9%
1900sAnna
85.9%
1910sAnna
85.9%
1920sAnna
85.9%
1930sAnna
85.9%
1940sAnna
85.9%
1950sAnna
85.9%
1940sAnne
84.6%
1950sAnne
84.6%
1960sAmy
75.6%
1970sAmy
75.6%
1980sAmy
75.6%
1880sAlice
69.7%
1890sAlice
69.7%
1900sAlice
69.7%
1910sAlice
69.7%
1920sAlice
69.7%
1930sAlice
69.7%
1940sAlice
69.7%
1950sAlice
69.7%
2000sAbigail
69.2%
1880sAnnie
67.5%
1890sAnnie
67.5%
1900sAnnie
67.5%
1910sAnnie
67.5%
1920sAnnie
67.5%
Decade Name % Correct
1930sAnnie
67.5%
1940sAnnie
67.5%
1970sAmanda
66%
1980sAmanda
66%
1990sAmanda
66%
1980sAshley
63.5%
1990sAshley
63.5%
2000sAshley
63.5%
1960sAndrea
58.2%
1970sAndrea
58.2%
2000sAva
52.7%
1960sAngela
51.9%
1970sAngela
51.9%
1980sAngela
51.9%
1980sAmber
45.4%
1990sAmber
45.4%
1990sAlexis
43%
2000sAlexis
43%
1880sAgnes
38.2%
1890sAgnes
38.2%
1900sAgnes
38.2%
1910sAgnes
38.2%
1920sAgnes
38.2%
1990sAlyssa
38%
2000sAlyssa
38%
1970sApril
35.3%
1880sAda
33.9%
1960sAnnette
27.4%
1950sAnita
26.6%
1930sArlene
24.5%
1890sAlma
23.7%
1900sAlma
23.7%
Remove Ads.
Support Sporcle.
Get the best of Sporcle when you Go Orange. This ad-free experience offers more features, more stats, and more fun while also helping to support Sporcle. Thank you for becoming a member.

You're not logged in!

Compare scores with friends on all Sporcle quizzes.
OR
Log In

Sporcle TV

Today on Sporcle TV


Watch our educational content, quiz creation guides, and fun videos on Sporcle TV.

Show Comments

Extras

Top Quizzes Today


Score Distribution

Paid Content

Your Account Isn't Verified!

In order to create a playlist on Sporcle, you need to verify the email address you used during registration. Go to your Sporcle Settings to finish the process.

Report this User

Report this user for behavior that violates our Community Guidelines.

Details: